| 000 | 00427nam a22001697a 4500 | ||
|---|---|---|---|
| 005 | 20251108164308.0 | ||
| 008 | 250721s1983 xx 000 0 ara d | ||
| 082 | 1 | 4 | _a330.09561/حمش |
| 100 | 1 | _aالحمش، منير | |
| 245 | 1 | 0 | _aتطور الإقتصاد السوري الحديث / |
| 264 | _c1983. | ||
| 300 | _a515ص | ||
| 650 | 1 | 7 | _aالإقتصاد |
| 650 | 1 | 7 | _aسورية |
| 942 |
_2ddc _cBK |
||
| 999 |
_c8601 _d8601 |
||